000
00291nam a22001217a 4500
040
_c
HS
082
_a
631
100
_a
សួស ចំណាន
245
_a
ការស្រោចស្រព irrigation
260
_a
RUA
_b
សួស ចំណាន
_c
2011
300
_a
53p.
942
_c
KB
999
_c
8762
_d
8762